000 00491nam a22001817a 4500
008 151015b xxu||||| |||| 00| 0 eng d
020 _a9780558032142
020 _a0558032141
041 0 _aeng
080 _a343
245 1 0 _aCriminology:
_cSteven E. Barkan;
250 _aCustom 3rd ed.
260 _aNew Jersey:
_bPrentice Hall;
_c2006.
300 _a653 f.:
_bme il.;
_c25 cm.
650 0 _aKriminologji
650 0 _aKriminalistika
942 _2udc
_cBK
999 _c1303
_d1303